| 000 | 01466cam a2200229 4500 | ||
|---|---|---|---|
| 001 | 5921 | ||
| 010 | _a9725300483 | ||
| 021 | _b139095/99 | ||
| 090 | _a5921 | ||
| 100 | _a20211231d1999 m||y0pory5003 ba | ||
| 200 | 1 |
_aBlue Moon _fDominique Sigaud _gtrad. Clara Alvarez |
|
| 210 | 9 |
_aLisboa _cBizâncio _d1999 |
|
| 215 | _a104, [1] p. | ||
| 225 | 2 |
_aInferno _v6 |
|
| 330 | _aBlue Moon, que é um dos mais belos e estranhos livros da nova literatura francesa, é também um terrível libelo contra a pena de morte. Aaron Robbins, um jovem negro, habitante de um dos Estados do Sul dos Estados Unidos da América, violou e assassinou uma mulher. Uma mulher branca e loura. Detido durante cerca de vinte anos, sabe agora que vai morrer. o perdão, a sua última hipótese de sobrevivência, acaba de lhe ser negado. Inicia-se então uma sucessão de flashes que pouco a pouco permitem reconstituir a vida do criminoso e os motivos do seu acto, e conduzem o leitor desde os meandros da sua torturada relação com o pai até evocação do desejo que o adolescente sentia perante as mulheres do Blue Moon e, finalmente, às derradeiras palavras que o condenado diz à mãe do seu filho, a única mulher que verdadeiramente o amou... | ||
| 606 |
_913 _aLiteratura Estrangeira |
||
| 675 |
_a821.133.1-311.6"19" _vBN _zpor |
||
| 700 |
_aSigaud _bDominique _f1959- _95609 |
||
| 702 |
_aAlvarez _bClara _94185 |
||
| 801 |
_aPT _bBMVN _gRPC |
||
| 830 |
_cInês Silva _d31/12/2021 |
||
| 990 | _cLIVROS | ||